Business process improvement workbook : (Record no. 312)
[ view plain ]
| 000 -LEADER | |
|---|---|
| fixed length control field | 00795nam a2200229 a 4500 |
| 001 - CONTROL NUMBER | |
| control field | 312 |
| 005 - DATE AND TIME OF LATEST TRANSACTION | |
| control field | 20221127085917.0 |
| 008 - FIXED-LENGTH DATA ELEMENTS--GENERAL INFORMATION | |
| fixed length control field | 050920s lxxua 00100 eng d |
| 020 ## - INTERNATIONAL STANDARD BOOK NUMBER | |
| International Standard Book Number | 0070267790(hpb) : |
| Terms of availability | SR168.00 |
| 035 ## - SYSTEM CONTROL NUMBER | |
| System control number | 325 |
| 082 04 - DEWEY DECIMAL CLASSIFICATION NUMBER | |
| Classification number | 658.562 |
| Item number | H238 1997 |
| 100 1# - MAIN ENTRY--PERSONAL NAME | |
| Personal name | Harrington, H. James |
| 245 10 - TITLE STATEMENT | |
| Title | Business process improvement workbook : |
| Remainder of title | documentation, analysis, design ... / |
| Statement of responsibility, etc. | H. James Harrington, Erik Esseling, Harm van Nimwegen. |
| 260 ## - PUBLICATION, DISTRIBUTION, ETC. | |
| Place of publication, distribution, etc. | New York : |
| Name of publisher, distributor, etc. | McGraw-Hill, |
| Date of publication, distribution, etc. | 1997. |
| 300 ## - PHYSICAL DESCRIPTION | |
| Extent | xix, 314 p. : |
| Other physical details | ill. ; |
| Dimensions | 25 cm. |
| 500 ## - GENERAL NOTE | |
| General note | Includes index. |
| 650 #4 - SUBJECT ADDED ENTRY--TOPICAL TERM | |
| Topical term or geographic name entry element | Quality control |
| Form subdivision | Handbooks, manuals, etc. |
| 650 #4 - SUBJECT ADDED ENTRY--TOPICAL TERM | |
| Topical term or geographic name entry element | Product management. |
| 650 #4 - SUBJECT ADDED ENTRY--TOPICAL TERM | |
| Topical term or geographic name entry element | Industrial management. |
| 700 1# - ADDED ENTRY--PERSONAL NAME | |
| Personal name | Esseling, Erik K. C., |
| Relator term | jt. author. |
| 700 1# - ADDED ENTRY--PERSONAL NAME | |
| Personal name | Nimwegen, Harm van, |
| Relator term | jt. author. |
| Withdrawn status | Lost status | Source of classification or shelving scheme | Damaged status | Not for loan | Home library | Current library | Date acquired | Total Checkouts | Full call number | Barcode | Date last seen | Copy number | Price effective from | Koha item type |
|---|---|---|---|---|---|---|---|---|---|---|---|---|---|---|
| 11/27/2022 | 658.562 H238 1997 | 10000000013347 | 11/27/2022 | C2 | 11/27/2022 | Book | ||||||||
| CENTRAL | CENTRAL | 11/27/2022 | 658.562 H238 1997 | 1000000001404 | 11/27/2022 | C1 | 11/27/2022 | Book |
